000
00255nam a2200109Ia 4500
008
221009s9999 xx 000 0 und d
082
_a
780/RAZ
100
_a
RAZDAN,VIJAY BAZAZ
_9
81264
245
0
_a
HINDUSTANI RAGAS
260
_b
B.R. RHYTHMS
942
_c
BK
999
_c
64888
_d
64888